Word Ladder: Wheel of Fortune Quiz Stats

Quiz Updated Dec 1, 2014

Challenge
Share
Tweet
Embed
Score 0/30 Timer 03:00
0 Plays Today
Clue 5-Letter Word % Correct
• • • Food and _____ • • •DRINK
92.8%
IntoxicatedDRUNK
92.7%
Elephant featureTRUNK
92.4%
Washington, Maine, e.g.STATE
91.7%
Highway haulerTRUCK
89.4%
Edge of disasterBRINK
89.2%
Carry alongBRING
85.4%
Prepare for a collisionBRACE
85.1%
Massive mammalWHALE
84.8%
• • • What Are You _____? • • •DOING
83.8%
Out-of-dateSTALE
83.3%
Oil-bearing rockSHALE
81.9%
Cease-fireTRUCE
81.3%
''Finding Nemo'' sharkBRUCE
81%
Dinnertime sayingGRACE
80.9%
Clue 5-Letter Word % Correct
The othersTHOSE
79.6%
The ones hereTHESE
79.1%
Cartoon sound effectBOING
78.5%
List of candidatesSLATE
77.5%
Aromatic herbTHYME
76.4%
Two percent alternativeWHOLE
75.3%
Underlying ideaTHEME
74.6%
Possessive pronounWHOSE
72.1%
Auto IDPLATE
71.8%
Having a glossy surface due to preservation in sugarGLACÉ
64.9%
• • • Fictional _____ • • •PLACE
63.9%
• • • _____ Time • • •RHYME
61.8%
Losing powerDYING
53.7%
Pulling even withTYING
48.8%
• • • Living _____ • • •THING
45.9%

Today's Daily Dose

You're not logged in!

Compare scores with friends on all Sporcle quizzes.
Sign Up with Email
OR
Log In

You Might Also Like...

Show Comments

Extras

Top Quizzes Today


Score Distribution

Your Account Isn't Verified!

In order to create a playlist on Sporcle, you need to verify the email address you used during registration. Go to your Sporcle Settings to finish the process.